| 000 | 00572nam a22001697a 4500 | ||
|---|---|---|---|
| 082 | _aT-88 | ||
| 100 |
_aBashir Ahmed Hassan _948455 |
||
| 245 |
_aEvaluation of Successful and Failed Sections o National Highway (n-5) From Peshawar to Kamra with emphasis on asphalt Concrete course _cBashir Ahmed Hassan |
||
| 250 | _a | ||
| 260 |
_aRisalpur _bMCE _c13-03-2001 |
||
| 300 | _a182 p.: | ||
| 526 |
_a0 _b0 _c0 _dT_88 |
||
| 650 |
_aMaster of Science in Civil Engineerig _948456 |
||
| 650 |
_aThesis _934811 |
||
| 700 |
_aBashir Ahmed Hassan _948457 |
||
| 942 |
_2ddc _cBK |
||
| 999 |
_c551403 _d551403 |
||